Huấn luyện điều dưỡng tại miền Tây

Đã lưu trong:
书目详细资料
主要作者: Mai Thị Sáng
格式: 图书
语言:Undetermined
出版: Cần Thơ Viện Đại Học Cần Thơ - Đại Học KHoa Học - Ban Vạn Vật Học 1972
主题:
标签: 添加标签
没有标签, 成为第一个标记此记录!
Thư viện lưu trữ: Trung tâm Học liệu Trường Đại học Cần Thơ
LEADER 00587nam a2200181Ia 4500
001 CTU_33793
008 210402s9999 xx 000 0 und d
082 |a 610.73 
082 |b S106 
100 |a Mai Thị Sáng 
245 0 |a Huấn luyện điều dưỡng tại miền Tây 
245 0 |c Mai Thị Sáng 
260 |a Cần Thơ 
260 |b Viện Đại Học Cần Thơ - Đại Học KHoa Học - Ban Vạn Vật Học 
260 |c 1972 
650 |a nurses,nursing 
904 |i Minh, 991110 
980 |a Trung tâm Học liệu Trường Đại học Cần Thơ